Music Quiz

Random Music or Classical Quiz

Classical Music by Score Fragment Quiz Stats

 Plays Quiz Updated Aug 27, 2016

Score 0/16 Timer 06:00
4 Plays Today
No. Title % Correct
1Symphony No. 5, first movement - Beethoven
94.5%
4William Tell Overture - Rossini
62%
14Symphony No. 9, fourth movement, 'Ode to Joy' - Beethoven
61.4%
7Peer Gynt Suite, 'In the Hall of the Mountain King' - Grieg
53.2%
5The Blue Danube - J. Strauss II
48.7%
2Piano Sonata No. 11 in A major, 3rd movement, 'Rondo alla Turca' - Mozart
46.9%
13Canon and Gigue for 3 violins and basso continuo - Pachelbel
45.5%
6The Four Seasons, 'Spring' - Vivaldi
45.2%
No. Title % Correct
3Prelude in C Major from Well Tempered Clavier - J.S. Bach
43.7%
12Serenade No. 13 for strings in G major, 'Eine kleine Nachtmusik'
41.8%
9Bolero - Ravel
41.7%
15The Planets, 'Mars, the Bringer of War' - Holst
41.4%
161812 Overture - Tchaikovsky
31.3%
11Symphony No. 1, fourth movement - Brahms
16.9%
10Invention No. 4 in D minor - J.S. Bach
13.4%
8Rhapsody on a Theme of Paganini, variation 18 - Rachmaninoff
10.6%

You're not logged in!

Compare scores with friends on all Sporcle quizzes.
OR
Log In

You Might Also Like...

Show Comments

Extras

Top Quizzes Today


Score Distribution

Your Account Isn't Verified!

In order to create a playlist on Sporcle, you need to verify the email address you used during registration. Go to your Sporcle Settings to finish the process.

Report this User

Report this user for behavior that violates our Community Guidelines.

Details: